Szczegóły MARC21

Organisationsmanagement internationaler Unternehmen : Grundlagen und moderne Netzwerkstrukuren : [Lehrbuch] /

005 -DATA I CZAS OSTATNIEJ MODYFIKACJI [,]
    • @
    • pole kontrolne
    • 20070315155141.9
020 -Międzynarod. znormalizowany nr książki - ISBN [ , ]
    • a
    • Numer ISBN
    • 3409231471 Find
040 -Instytucja sporządzająca opis [ , ]
    • a
    • Instytucja, która sporządziła opis (NP)
    • SZCZ U
    • c
    • Instytucja, która sporządziła rekord (NP)
    • SZCZ U
041 -Język dokumentu [1, ]
    • h
    • Język tekstu oryginalnego i/lub pośredniego (P)
    • niemiecki
942 -Rodzaj dokumentu [ , ]
    • c
    • Rodzaj dokumentu
    • Książka
245 -Strefa tytułu i oznaczenia odpowiedzialności [0, ]
    • a
    • Tytuł
    • Organisationsmanagement internationaler Unternehmen : Find
    • b
    • Ciąg dalszy tytułu (NP)
    • Grundlagen und moderne Netzwerkstrukuren : [Lehrbuch] / Find
    • c
    • Pozostałe elementy strefy tytułu i oznaczenia odpowiedzialności (NP)
    • Hartmut Kreikebaum, Dirk Ulrich Gilbert, Glenn O. Reinhardt.
250 -Strefa wydania [ , ]
    • a
    • Oznaczenie wydania (NP)
    • 2., vollst. übearb. und erw. Aufl.
260 -Strefa adresu wydawniczego [ , ]
    • a
    • Miejsce wydania (P)
    • Wiesbaden :
    • b
    • Nazwa wydawcy (P)
    • Gabler,
    • c
    • Data wydania (P)
    • 2003.
300 -Strefa opisu fizycznego [ , ]
    • a
    • Określenie formy książki i/lub objętość (NP)
    • XVI, 243 s. :
    • b
    • Oznaczenie ilustracji (NP)
    • il. :
    • c
    • Format (NP)
    • 24 cm.
490 -Strefa serii i książki wielotomowej - forma nie do wyszukiwania [0, ]
    • a
    • Tytuł (P)
    • (Management, Unternehmensführung, Organisation) Find
500 -Uwaga ogólna [ , ]
    • a
    • Uwaga ogólna (NP)
    • Bibliogr. Ind
080 -Uniwersalna Klasyfikacja Dziesiętna [ , ]
    • a
    • Symbol klasyfikacji
    • 65.012.2=30
080 -Uniwersalna Klasyfikacja Dziesiętna [ , ]
    • a
    • Symbol klasyfikacji
    • :658.1/.5.012.2=30
980 -Symbol UKD [ , ]
    • a
    • UKD
    • 65.012.2:658.1/.5.012.2]=30
700 -Hasło dodatkowe - nazwa osobowa [ , ]
    • a
    • Nazwa osobowa (NP)
    • Kreikebaum Hartmund Find
700 -Hasło dodatkowe - nazwa osobowa [ , ]
    • a
    • Nazwa osobowa (NP)
    • Gilbert Dirk Urlich Find
700 -Hasło dodatkowe - nazwa osobowa [ , ]
    • a
    • Nazwa osobowa (NP)
    • Reinhardt Glenn O. Find
920 -ISBN [ , ]
    • a
    • ISBN
    • 3-409-23147-1 Find
Data inwentaryzacji Lokalizacja Status udost. Sygnatura Numer inwentarzowy
2006-04-07BE-2FUNDACJA POLSKO-NIEMIECKAS.92319